Biblioteca

The mystical mind (Registro nro. 64113)

Detalles MARC
000 -LÍDER
Campo fijo de descripción fija 02088cam a22004094a 4500
001 - NÚMERO DE CONTROL
Campo de control 741088
003 - IDENTIFICADOR DEL NÚMERO DE CONTROL
Campo de control CO-MdFUSB
005 - FECHA Y HORA DE LA ULTIMA TRANSACCIÓN
control field 20180622072750.0
008 - ELEMENTOS DE LONGITUD FIJA -- INFORMACIÓN GENERAL
Campo fijo de descripción fija -- Información general 990226s1999 mnua g b 001 0 eng
010 ## - NÚMERO DE CONTROL DE LA BIBLIOTECA DEL CONGRESO
Número de control LC 99024098
020 ## - NÚMERO INTERNACIONAL NORMALIZADO PARA LIBROS
Número Internacional Normalizado del libro 0800631633 (alk. paper)
040 ## - FUENTE DE CATALOGACIÓN
Agencia de catalogación original DLC
Agencia que realiza la transcripción CO-MdFUSB
Agencia que realiza la modificación CO-MdFUSB
Idioma de catalogación spa
Convenciones de la descripción rda
041 ## - CÓDIGO DE IDIOMA
Código de idioma para texto/pista de sonido o título separado eng
042 ## - AUTHENTICATION CODE
Authentication code pcc
082 00 - NÚMERO DE CLASIFICACIÓN DECIMAL DEWEY
Número de la edición del Dewey 21
Número de clasificación G 200.19
Clave de autor-Numero de item D999m
100 1# - ASIENTO PRINCIPAL--NOMBRE PERSONAL
Nombre personal D'Aquili, Eugene G.,
Fechas asociadas con el nombre 1940-
Término relacionador autor
242 13 - TRADUCCIÓN DEL TÍTULO POR AGENCIA CATALOGADORA
Título La mente mística:
Parte restante del título - Subtítulo investigando la biología de la experiencia religiosa
Idioma del título original Inglés
245 14 - TÍTULO
Título del Material The mystical mind
Parte restante del título - Subtitulo : probing the biology of religious experience
Mención de responsabilidad, etc. / Eugene G. d'Aquili, Andrew B. Newberg.
264 #1 - PRODUCCIÓN, PUBLICACIÓN, DISTRIBUCIÓN, MANUFACTURA, Y COPYRIGHT
Lugar de producción, publicación, distribución, manufactura Minneapolis, MN :
Nombre del productor, publicador, distribuidor Fortress Press,
Fecha de producción, publicación, distribución, manufactura, o copyright ℗[1999]
264 #4 - PRODUCCIÓN, PUBLICACIÓN, DISTRIBUCIÓN, MANUFACTURA, Y COPYRIGHT
Fecha de producción, publicación, distribución, manufactura, o copyright ©1999
300 ## - DESCRIPCIÓN FÍSICA
Extensión ix, 228 páginas :
Otros detalles físicos ilustraciones ;
Dimensiones 23 cm.
336 ## - TIPO DE CONTENIDO
Fuente rdacontent
Término de tipo de contenido texto
Código de tipo de contenido txt
337 ## - TIPO DE MEDIO
Fuente rdamedia
Nombre del tipo de medio sin mediación
Código del tipo de medio n
338 ## - TIPO DE SOPORTE
Fuente rdacarrier
Nombre del tipo de soporte volumen
Código Tipo de soporte nc
490 ## - MENCIÓN DE SERIE
Mención de serie Theology and the Sciences
501 ## - NOTA DE “CON”
Nota de Contenido Incluye índice (p. 223- 228)
504 ## - NOTA DE BIBLIOGRAFÍA, ETC.
Nota de bibliografía, etc Bibliografía (p. 213- 222)
505 ## - NOTA DE CONTENIDO
Nota de contenido con formato preestablecido Parte I. Preludio a la mente mística -- Introducción -- El cerebro y el sistema nervioso central -- La base de la mente mística -- Parte II. La mente mística -- Por qué la mente crea el mito --<br/> Ritual, liturgia y la mente -- La mente, la meditación y el misticismo -- La experiencia cercana a la muerte como un fenómeno místico -- Parte III. Neuroteología y la paradoja de la fenomenología -- El origen de la religión -- Neuroteología -- Conciencia y realidad -- Metateología y megatheología -- Epílogo: algunas reflexiones prácticas
563 ## - NOTA DE ENCUADERNACIÓN
Nota de encuadernación Tapa rústica
650 #0 - ASIENTO SECUNDARIO DE MATERIA - TERMINO TEMÁTICO
Término temático o nombre geográfico como elemento de entrada Experiencia religiosa
9 (RLIN) 952
700 1# - ASIENTO SECUNDARIO - NOMBRE PERSONAL
Nombre personal Newberg, Andrew B.,
Fechas asociadas con el nombre 1966-
Responsabilidad autor
906 ## - LOCAL DATA ELEMENT F, LDF (RLIN)
a 7
b cbc
c orignew
d 1
e ocip
f 19
g y-gencatlg
942 ## - TIPO DE MATERIAL (KOHA)
Tipo de Item KOHA Libros General
Existencias
Estado de Material Estado de Perdido Forma de Clasificación Estado de Dañado No para Préstamo Colección Biblioteca de Origen Biblioteca Permanente Fecha de Adquisición Total de Préstamos Signatura Topográfica Código de Barras Última vez visto Última vez Préstado Ejemplar/Existencia Fecha de Remplazo Tipo de Material
    Dewey Decimal Classification     Colección General Biblioteca FUSBC Biblioteca FUSBC 30/10/2017 1 G 200.19 D999m 8916 12/12/2019 16/03/2018 Ej. 1 30/10/2017 Libros General

Biblioteca FUSBC | Teléfono: (57+4) 349 88 10 Ext. 141| WhatsApp (+57) 3005338115 
E-mail: biblioteca@unisbc.edu.co | Calle 76 87-14 Robledo Palenque, Medellín, Colombia

Con tecnología Koha